000 01530nem0a2200337 4500
001 RU\NLR\BIBL_A\022072276
005 20250625111224.0
010 _a978-5-533-02890-5
_913 000
021 _aRU
_bКА-П-23-000159
035 _a(NLR Aleph) 022072276
090 _a12663295
_c12663295
100 _a20231114d2023 |||y0rusy50 ca
101 0 _arus
102 _aRU
120 _abyy xx||
123 3 _aa
_b300000000
_c5000
200 1 _aВведение в географию. Физическая география
_bКарты
_eАтлас: 5-6 класс.
_fСост. и подгот. к изд. ООО "Русское слово-учебник" в 2012 г.
_gАвт.-сост.: С.Банников, Е.Домогацких; Ред. И. Старкова
205 _a11-е изд., испр. в 2023 г.
206 _a[М-бы разные]
210 _aМосква
_cООО "Русское слово-учебник"
_d2023
215 _a1 атл. (35 с.)
_cцв.: текст, табл., ил.
_d22х28 см
509 0 1 _7ca
_aМир
_92633185
_3RU\NLR\auth_crt\551
606 1 _aГеография
_jАтласы учебные для средней школы
_91002053
_3RU\NLR\AUTH\6662461
608 _aКомплексные атласы учебные
_92301231
_3RU\NLR\AUTH\6601604231
702 1 _aСтаркова
_bИ.
_4340
702 1 _aБанников,
_bС.
_4070
702 1 _aДомогацких
_bЕ.
_4070
852 _aNLR
_bК
_j4-Мир 6/5148
_m23-159
942 _cMAP
980 _aNB